| 000 | 00466nam a22001337a 4500 | ||
|---|---|---|---|
| 003 | SGT | ||
| 082 |
_a617.692 _bT14S |
||
| 100 | _aDEEPA, SURA | ||
| 245 | _aTO STUDY AND COMPARE MICROWAVE CURED DENTURE BASE RESIN AND CONVENTIONAL DENTURE BASE RESIN WITH RESPECT TO THEIR FLEXURAL STRENGTH POROSITY AND RETENTION AN IN VITRO AND IN VIVO STUDY | ||
| 260 |
_aDELHI NCR _bSGT UNIVERSITY GURUGRAM _c2014 |
||
| 300 | _a1-73 | ||
| 650 | _aPROSTHODONTICS | ||
| 942 |
_2ddc _cTH |
||
| 999 |
_c17111 _d17111 |
||